00660nam a22002057a 4500999001900000005001700019010001500036020003000051035001400081037001300095082001100108100002500119245004800144250000900192260004300201270013700244300002400381700002400405942002500429 c167366d16736620220217150645.0 aENG-126363 a978-93-8854-840-3c850.00 aEN-109895 bDBAD/PUB a346.03 aRatanlal & Dhirajlal aThe Low Of Torts/c by Ratanlal & Dhirajlal a28th bPublished By LexisNexisc2019aGurgaon a14th Floor,Bulding No.10, Tower-B,DLF Cyber City, Phase-ll,bGurgaone122002k011-1244774444mhelp.in@lexisnexis.coml011-1244774100 accx848p.c24cm(pbk) aEd. by Sapre,Akshay 2ddccENh346.03mLAW